[Event "Alfeld Bezirk 3-ch"]
[Site "Alfeld"]
[Date "2005.10.01"]
[Round "2"]
[White "Kempin, Ingwald"]
[Black "Koch, Heino"]
[Result "1/2-1/2"]
[WhiteElo "1665"]
[BlackElo "1536"]
[PlyCount "58"]
[EventDate "2005.10.01"]
[EventType "swiss"]
[EventRounds "5"]
[EventCountry "GER"]
[SourceTitle "EXT 2007"]
[Source "ChessBase"]
[SourceDate "2006.11.23"]
[SourceVersion "1"]
[SourceVersionDate "2006.11.23"]
[SourceQuality "1"]

1. d4 d5 2. c4 e6 3. Nc3 Bb4 4. a3 Bxc3+ 5. bxc3 b6 6. e3 Bb7 7. Nf3 Nf6 8. Be2 0-0 9. Bb2 dxc4 10. Bxc4 Nbd7 11. 0-0 Rc8 12. Bd3 c5 13. Re1 Bxf3 14. Qxf3 e5 15. Bf5 Qe7 16. Qe2 c4 17. Rad1 Rc7 18. d5 Qc5 19. e4 b5 20. Bc1 g6 21. Bxd7 Rxd7 22. h3 Nh5 23. Qa2 a5 24. Be3 Qc7 25. Rb1 Rb8 26. Qd2 Qd6 27. g4 Nf4 28. Bxf4 exf4 29. Qb2 Rdb7 1/2-1/2